000
00245nmm a2200085Ia 4500
008
220120s9999||||xx |||||||||||||||||und||
100
_a
CHIP magazine
245
0
_a
April 2011 : Portable application pack, redhat, linux distri
260
_a
Infomedia18
999
_c
139674
_d
139674